书目信息 |
| 题名: |
中国艺术全鉴
|
|
| 作者: | 邹文 | |
| 分册: | ||
| 出版信息: | 北京 人民美术出版社 2000 |
|
| 页数: | 304 | |
| 开本: | 29cm | |
| 丛书名: | ||
| 单 册: | ||
| 中图分类: | TU-86 | |
| 科图分类: | ||
| 主题词: | 建筑艺术--作品--评价 , 建筑艺术--流派 , 建筑风格 | |
| 电子资源: | ||
| ISBN: | 7-102-02165-8 | |
| 000 | 00656nam0 2200217 450 | |
| 001 | 0729297901 | |
| 005 | 20071003080817.90 | |
| 010 | @a7-102-02165-8@b精装@d¥830.00 | |
| 100 | @a20071003d km y0chiy0120 ea | |
| 101 | 0 | @achi |
| 200 | 1 | @a中国艺术全鉴@Azhong guo yi shu quan jian@e中国建筑经典@f邹文@Fzou wen |
| 210 | @a北京@c人民美术出版社@d2000 | |
| 215 | @a304@d29cm | |
| 517 | 1 | @a中国建筑经典@Azhong guo jian zhu jing dian |
| 606 | 0 | @a建筑艺术@x作品@x评价 |
| 606 | 0 | @a建筑艺术@x流派 |
| 606 | 0 | @a建筑风格 |
| 690 | @aTU-86@v4 | |
| 701 | 0 | @a邹文@Azou wen |
| 801 | 0 | @aCN@b大连网信软件有限公司图书馆·11@c20071003 |
| 905 | @a213230@dTU-86@eM21 | |
| 中国艺术全鉴:中国建筑经典/邹文.-北京:人民美术出版社,2000 |
| 304;29cm |
| ISBN 7-102-02165-8(精装):¥830.00 |
| ● |
| 相关链接 |
|
|
|
|
正题名:中国艺术全鉴
索取号:TU-86/M21
 
预约/预借
| 序号 | 登录号 | 条形码 | 馆藏地/架位号 | 状态 | 备注 |
| 1 | 6401558 | 264015586 | 密集书库-美术系/ [索取号:TU-86/M21] | 在馆 |